Destiny of change: How relevant is man in the age development? (Record no. 1365593)

MARC details
000 -LEADER
fixed length control field 00653nam a2200205Ia 4500
005 - DATE AND TIME OF LATEST TRANSACTION
control field 20250508160615.0
008 - FIXED-LENGTH DATA ELEMENTS--GENERAL INFORMATION
fixed length control field 008 250505s9999 xx 000 0 eng d
037 ## - SOURCE OF ACQUISITION
Stock number Textual
040 ## - CATALOGING SOURCE
Original cataloging agency FEDL
Language of cataloging eng
Transcribing agency FEDL
041 ## - LANGUAGE CODE
Language code of text/sound track or separate title eng
Source of code eng
084 ## - COLON CLASSIFICATION NUMBER
Classification number 301.24, SCH
Assigning agency FEDL
100 ## - MAIN ENTRY--PERSONAL NAME
Personal name Schneider Kenneth R.
9 (RLIN) 329987
245 #0 - TITLE STATEMENT
Title Destiny of change: How relevant is man in the age development?
260 ## - PUBLICATION, DISTRIBUTION, ETC.
Place of publication, distribution, etc. New York, USA
Name of publisher, distributor, etc. Holt, Rinehart and Winston, Inc.
Date of publication, distribution, etc. 1968
300 ## - PHYSICAL DESCRIPTION
Extent xv,288p
490 ## - SERIES STATEMENT
Series statement Holt, Rinehart and Winston business and society series
650 ## - SUBJECT ADDED ENTRY--TOPICAL TERM
Topical term or geographic name entry element Sociology
942 ## - ADDED ENTRY ELEMENTS (KOHA)
Koha item type Textual
Classification part 301.24, SCH
Holdings
Withdrawn status Lost status Damaged status Not for loan Home library Current library Date acquired Total Checkouts Full call number Barcode Date last seen Price effective from Koha item type
        Department of Education Library Department of Education Library 2025-05-08   301.24, SCH EL0052154 2025-05-08 2025-05-08 Textual
Copyright @ Delhi University Library System